000 00452nam a2200181 a 4500
001 5884
003 CO-ViMGA
008 141112s2004 ck r 000 u spa d
040 _aCO-ViMGA
_bspa
_cCO-ViMGA
082 0 4 _a923.1 C171ka
100 1 _aKaus, Gina
_94469
245 1 0 _aCatalina la grande
260 _aBarcelona :
_bJuventud,
_c1985
300 _a352 p
490 _az, 261
650 1 4 _aCATALINA LA GRANDE 1729 - 1796
_94470
942 _2ddc
_cBK
999 _c17860
_d17860